|
|
|
|
| LEADER |
00000nam0a2200000 4500 |
| 001 |
122214 |
| 005 |
20231101215729.0 |
| 020 |
|
|
|a RU
|b 81-23357
|
| 035 |
|
|
|a (RuTPU)RU\TPU\book\132339
|
| 090 |
|
|
|a 122214
|
| 100 |
|
|
|a 20070927d1981 m y0rusy5003 ca
|
| 101 |
0 |
|
|a rus
|
| 102 |
|
|
|a RU
|
| 105 |
|
|
|a c z 000ay
|
| 200 |
1 |
|
|a Канва
|e из 6 кн.
|f А. С. Кушнер
|g худож. Л. Авидон
|
| 210 |
|
|
|a Ленинград
|c Советский писатель
|d 1981
|
| 215 |
|
|
|a 208 с.
|c портр.
|
| 606 |
1 |
|
|a Русская литература современная
|2 stltpush
|3 (RuTPU)RU\TPU\subj\26373
|9 50316
|
| 610 |
1 |
|
|a советская литература
|
| 610 |
1 |
|
|a лирика
|
| 610 |
1 |
|
|a стихотворения
|
| 610 |
1 |
|
|a сборники
|
| 675 |
|
|
|a Р2
|v 3
|
| 700 |
|
1 |
|a Кушнер
|b А. С.
|c русский поэт
|f 1936-
|g Александр Семенович
|2 stltpush
|3 (RuTPU)RU\TPU\pers\14963
|9 5104
|
| 702 |
|
1 |
|a Авидон
|b Л.
|g Лев
|4 440
|
| 801 |
|
0 |
|a RU
|b RuMRKP
|c 19950704
|g psbo
|
| 801 |
|
1 |
|a RU
|b 63413507
|c 20070927
|g PSBO
|
| 801 |
|
2 |
|a RU
|b 63413507
|c 20221007
|g PSBO
|
| 942 |
|
|
|c BK
|